15 Largest Cities in Mauritius🇲🇺 - Statistics

General Stats
  • This quiz has been taken 27 times
  • The average score is 5 of 15
Answer Stats
Population City % Correct
155k Port Louis
100%
84k Curepipe
67%
110k Vacoas
62%
80k Quatre Bornes
57%
17k Mahebourg
52%
23k Triolet
38%
20k Goodlands
33%
111k Beau Bassin-Rose Hill
29%
12k Rose Belle
24%
15k Bambous
14%
15k Le Hochet
14%
16k Saint Pierre
14%
17k Centre de Flacq
10%
12k Chemin Grenier
10%
17k Bel Air Riviere Seche
5%
No matching quizzes found
Score Distribution
Percent of People with Each Score
Percentile by Number Answered
Your Score History
You have not taken this quiz